[Event "Pardubice Region-chT 2223"]
[Site "Czech Republic"]
[Date "2023.02.12"]
[Round "8.8"]
[White "Kalousek, Vladimir"]
[Black "Kuzmin, Sergej"]
[Result "0-1"]
[WhiteElo "1890"]
[BlackElo "1958"]
[PlyCount "139"]
[EventDate "2022.10.09"]
[EventType "team-tourn"]
[EventRounds "11"]
[EventCountry "CZE"]
[SourceTitle "EXT 2024"]
[Source "ChessBase"]
[SourceDate "2023.10.10"]
[SourceVersion "1"]
[SourceVersionDate "2023.10.10"]
[SourceQuality "1"]

1. d4 Nf6 2. Nf3 e6 3. Bg5 b6 4. e3 Bb7 5. Bd3 Be7 6. 0-0 0-0 7. Nbd2 d6 8. Qe2 Nbd7 9. Ba6 Bxa6 10. Qxa6 Qc8 11. Qxc8 Rfxc8 12. c3 Kf8 13. e4 d5 14. exd5 Nxd5 15. Bxe7+ Kxe7 16. g3 c5 17. dxc5 Nxc5 18. Nb3 Na4 19. Rab1 Rc7 20. Ne5 b5 21. a3 Rac8 22. Rfe1 Ndb6 23. Nd4 a6 24. Kg2 Nc4 25. Nxc4 bxc4 26. Re5 Rc5 27. Rxc5 Rxc5 28. b3 Nxc3 29. Rc1 cxb3 30. Nxb3 Rc7 31. Nd4 Nb5 32. Rxc7+ Nxc7 33. Kf3 Kd6 34. Ke4 f5+ 35. Kd3 Kd5 36. f4 h6 37. Nc2 Kc5 38. Nd4 a5 39. Nc2 Nb5 40. h3 h5 41. a4 Nc7 42. Kc3 h4 43. gxh4 Nd5+ 44. Kb3 Nxf4 45. Ne3 Ne2 46. Nc4 Nd4+ 47. Kc3 Nc6 48. h5 f4 49. Nd2 Kd5 50. Kd3 Ne5+ 51. Ke2 Nc4 52. Nf3 Ke4 53. Ng5+ Kf5 54. Nf7 e5 55. h6 gxh6 56. Nxh6+ Kg5 57. Nf7+ Kf6 58. Nh6 e4 59. Ng4+ Kg5 60. Nf2 f3+ 61. Ke1 Kf4 62. h4 e3 63. Nd3+ Kg4 64. Nc5 Kxh4 65. Ne4 Kg4 66. Nf6+ Kg3 67. Nh5+ Kh2 68. Nf4 f2+ 69. Ke2 Nd2 70. Kxe3 0-1

[Event "Kesarovski Georgiev Memorial-B 12th"]
[Site "Sunny Beach"]
[Date "2013.09.04"]
[Round "5"]
[White "Dimitrov, Dejan"]
[Black "Kuzmin, Sergej"]
[Result "1-0"]
[WhiteElo "2047"]
[BlackElo "1850"]
[PlyCount "69"]
[EventDate "2013.08.31"]
[EventType "swiss"]
[EventRounds "9"]
[EventCountry "BUL"]
[SourceTitle "CBM 156 Extra"]
[Source "ChessBase"]
[SourceDate "2013.10.22"]
[SourceVersion "1"]
[SourceVersionDate "2013.10.22"]
[SourceQuality "1"]

1. e4 c5 2. Nf3 e6 3. c3 d5 4. exd5 Qxd5 5. d4 Nc6 6. Bd3 Nf6 7. 0-0 Be7 8. Be3 cxd4 9. cxd4 0-0 10. Nc3 Qd8 11. a3 a6 12. Rc1 Nd5 13. Nxd5 exd5 14. Bb1 Be6 15. Bf4 Rc8 16. Qd3 g6 17. Qd2 Qb6 18. Bh6 Rfe8 19. Rfe1 Bf6 20. Qf4 Bg7 21. Bxg7 Kxg7 22. b4 Qd8 23. Rc5 Qf6 24. Qd2 b6 25. Rc3 Na7 26. Rce3 Nb5 27. Ba2 Nd6 28. Ne5 b5 29. Rf3 Qd8 30. Qf4 f6 31. Nd3 Bf5 32. Rxe8 Nxe8 33. Nc5 Nc7 34. Re3 Kf7 35. Nb7 1-0

[Event "Kesarovski Georgiev Memorial-B 12th"]
[Site "Sunny Beach"]
[Date "2013.09.03"]
[Round "4"]
[White "Kuzmin, Sergej"]
[Black "Groh, Jiri"]
[Result "1/2-1/2"]
[WhiteElo "1850"]
[BlackElo "2068"]
[PlyCount "41"]
[EventDate "2013.08.31"]
[EventType "swiss"]
[EventRounds "9"]
[EventCountry "BUL"]
[SourceTitle "CBM 156 Extra"]
[Source "ChessBase"]
[SourceDate "2013.10.22"]
[SourceVersion "1"]
[SourceVersionDate "2013.10.22"]
[SourceQuality "1"]

1. d4 d5 2. Nf3 Nf6 3. c4 e6 4. Nc3 Be7 5. Bg5 0-0 6. e3 h6 7. Bh4 b6 8. cxd5 Nxd5 9. Bxe7 Qxe7 10. Nxd5 exd5 11. Bd3 Be6 12. 0-0 Nd7 13. Rc1 c5 14. Qe2 Rfc8 15. Rfd1 Rc7 16. h3 Rac8 17. Ba6 Rd8 18. Bd3 Rdc8 19. Ba6 Rd8 20. Bd3 Rdc8 21. Ba6 1/2-1/2

[Event "Kesarovski Georgiev Memorial 11th"]
[Site "Sunny Beach"]
[Date "2012.09.09"]
[Round "9"]
[White "Chervenkov, Dinko"]
[Black "Kuzmin, Sergej"]
[Result "0-1"]
[WhiteElo "1725"]
[BlackElo "1861"]
[PlyCount "68"]
[EventDate "2012.09.01"]
[EventType "swiss"]
[EventRounds "9"]
[EventCountry "BUL"]
[SourceTitle "CBM 150 Extra"]
[Source "ChessBase"]
[SourceDate "2012.10.19"]
[SourceVersion "1"]
[SourceVersionDate "2012.10.19"]
[SourceQuality "1"]

1. f4 Nf6 2. d3 g6 3. e4 d6 4. Nf3 Bg7 5. Nc3 c6 6. g3 Qc7 7. Be3 Bg4 8. Be2 Qc8 9. 0-0 0-0 10. d4 Bxf3 11. Bxf3 Rd8 12. Qe2 Na6 13. e5 Ne8 14. Rad1 Qc7 15. a3 e6 16. Ne4 d5 17. Nf2 c5 18. dxc5 Nxc5 19. Qb5 b6 20. Bxc5 Qxc5 21. Qxc5 bxc5 22. c4 Nc7 23. Rd2 Rab8 24. cxd5 exd5 25. Rc1 c4 26. h4 Bf8 27. Rcd1 c3 28. Rc2 d4 29. Nd3 Nb5 30. Ra1 Nc7 31. Kf2 Ra8 32. Bc6 Rab8 33. Kf3 Ne6 34. Ke2 a5 0-1

[Event "Kesarovski Georgiev Memorial 11th"]
[Site "Sunny Beach"]
[Date "2012.09.04"]
[Round "4"]
[White "Kuzmin, Sergej"]
[Black "Barzanu, Iulian"]
[Result "0-1"]
[WhiteElo "1861"]
[BlackElo "2222"]
[PlyCount "44"]
[EventDate "2012.09.01"]
[EventType "swiss"]
[EventRounds "9"]
[EventCountry "BUL"]
[SourceTitle "CBM 150 Extra"]
[Source "ChessBase"]
[SourceDate "2012.10.19"]
[SourceVersion "1"]
[SourceVersionDate "2012.10.19"]
[SourceQuality "1"]

1. d4 d6 2. Nf3 g6 3. c4 Bg7 4. Nc3 Bg4 5. e3 c5 6. Be2 Nf6 7. 0-0 0-0 8. Qc2 Nc6 9. Rd1 Qb6 10. d5 Nb4 11. Qb3 Bf5 12. Ne1 Nc2 13. Nxc2 Qxb3 14. axb3 Bxc2 15. Rd2 Bf5 16. f3 Bh6 17. Kf2 a6 18. g4 Bd7 19. Na4 Rab8 20. Nb6 Be8 21. Rb1 Nd7 22. Nxd7 Bxd7 0-1

[Event "Kesarovski Georgiev Memorial 11th"]
[Site "Sunny Beach"]
[Date "2012.09.01"]
[Round "1"]
[White "Kuzmin, Sergej"]
[Black "Petermann, Michail"]
[Result "1/2-1/2"]
[WhiteElo "1861"]
[BlackElo "2245"]
[PlyCount "110"]
[EventDate "2012.09.01"]
[EventType "swiss"]
[EventRounds "9"]
[EventCountry "BUL"]
[SourceTitle "CBM 150 Extra"]
[Source "ChessBase"]
[SourceDate "2012.10.19"]
[SourceVersion "1"]
[SourceVersionDate "2012.10.19"]
[SourceQuality "1"]

1. e4 c5 2. Nf3 d6 3. d4 cxd4 4. Nxd4 Nf6 5. Nc3 a6 6. Be2 e6 7. a4 Nc6 8. 0-0 Be7 9. Be3 Qc7 10. Qd2 Ne5 11. Rfd1 Bd7 12. f3 Rc8 13. Qe1 0-0 14. Kh1 Nc4 15. Bxc4 Qxc4 16. Qg3 Rfe8 17. Bg5 Nh5 18. Qh4 Bxg5 19. Qxg5 Nf6 20. Qg3 e5 21. Nb3 b5 22. axb5 axb5 23. Rd2 b4 24. Ne2 d5 25. exd5 Nxd5 26. Qf2 Nf6 27. Ng3 h5 28. Re1 g6 29. Ne4 Nxe4 30. Rxe4 Qb5 31. Qe2 Qxe2 32. Rdxe2 Bb5 33. Rd2 Rc4 34. Rxc4 Bxc4 35. Kg1 Ra8 36. Nc5 Kg7 37. Kf2 Ra5 38. Nd3 Rb5 39. Nc1 Kf6 40. Ke3 Ke6 41. f4 f5 42. fxe5 Rxe5+ 43. Kf2 Rd5 44. Rxd5 Kxd5 45. b3 Bb5 46. Na2 Kc5 47. h4 Bc6 48. c3 bxc3 49. Nxc3 Kb4 50. Ne2 Bd5 51. g3 Kxb3 52. Ke3 Kc4 53. Nf4 Bf7 54. Nh3 Be8 55. Kf4 Kc5 1/2-1/2